[Event "Oberliga Wuerttemberg 2324"]
[Site "Wuerttemberg"]
[Date "2023.11.05"]
[Round "3.7"]
[White "Krenedics, Gregor"]
[Black "Lang, Thomas1"]
[Result "0-1"]
[WhiteElo "2019"]
[BlackElo "1950"]
[PlyCount "66"]
[EventDate "2023.09.17"]
[EventType "team-tourn"]
[EventRounds "9"]
[EventCountry "GER"]
[SourceTitle "EXT 2025"]
[Source "ChessBase"]
[SourceDate "2024.10.14"]
[SourceVersion "1"]
[SourceVersionDate "2024.10.14"]
[SourceQuality "1"]
[WhiteTeam "Schwaebisch Hall"]
[BlackTeam "Schwaebisch Gmuend"]
[WhiteTeamCountry "GER"]
[BlackTeamCountry "GER"]

1. Nf3 Nf6 2. d4 g6 3. g3 Bg7 4. Bg2 d6 5. 0-0 0-0 6. Re1 Nbd7 7. e4 e5 8. a4 a5 9. c3 b6 10. Nbd2 Bb7 11. Qc2 Re8 12. Nc4 exd4 13. Nxd4 Nc5 14. Bg5 h6 15. Bxf6 Bxf6 16. Nb3 Nxb3 17. Qxb3 Qd7 18. Qc2 Bc6 19. b3 Rad8 20. Rad1 Qe6 21. f3 Bxa4 22. Nxa5 Bb5 23. c4 Bd7 24. Nb7 Rb8 25. e5 dxe5 26. f4 Bc6 27. fxe5 Bxg2 28. Qxg2 Bxe5 29. c5 Bd4+ 30. Rxd4 Qxe1+ 31. Qf1 Qxf1+ 32. Kxf1 Rxb7 33. c6 Ra7 0-1

[Event "Oberliga Wuerttemberg 2223"]
[Site "Wuerttemberg"]
[Date "2022.09.18"]
[Round "1.7"]
[White "Krenedics, Gregor"]
[Black "Wunder, Fabian"]
[Result "1/2-1/2"]
[WhiteElo "1996"]
[BlackElo "2075"]
[PlyCount "126"]
[EventDate "2022.09.18"]
[EventType "team-tourn"]
[EventRounds "9"]
[EventCountry "GER"]
[SourceTitle "EXT 2025"]
[Source "ChessBase"]
[SourceDate "2024.10.14"]
[SourceVersion "1"]
[SourceVersionDate "2024.10.14"]
[SourceQuality "1"]
[WhiteTeam "Schwaebisch Hall"]
[BlackTeam "Biberach"]
[WhiteTeamCountry "GER"]
[BlackTeamCountry "GER"]

1. Nf3 Nf6 2. g3 b6 3. Bg2 Bb7 4. 0-0 e6 5. d4 Be7 6. c4 0-0 7. Nc3 Ne4 8. Qc2 Nxc3 9. bxc3 f5 10. Nd2 Bxg2 11. Kxg2 Qe8 12. f4 Qg6 13. Nf3 d6 14. Bd2 Nd7 15. Rae1 Nf6 16. Ng5 Ne4 17. Nxe4 fxe4 18. e3 c6 19. Rf2 d5 20. Qa4 Qe8 21. Rb1 Rf7 22. Qb3 Rc8 23. a4 Qd7 24. Bc1 Rff8 25. Qa2 Rc7 26. a5 bxa5 27. c5 Rb7 28. Rfb2 Rfb8 29. Qxa5 Rxb2+ 30. Rxb2 Rxb2+ 31. Bxb2 Qb7 32. Qb4 Qxb4 33. cxb4 g5 34. Bc1 gxf4 35. gxf4 Kf7 36. Kh3 Kg6 37. Bd2 Bd8 38. Be1 Kh5 39. Bf2 Be7 40. Bg3 a6 41. Be1 Bd8 42. Bf2 a5 43. bxa5 Bxa5 44. Kg3 Bd8 45. Kh3 Bf6 46. Be1 Bd8 47. Bf2 Kg6 48. Kg4 Ba5 49. Kh4 Bd8+ 50. Kg4 h5+ 51. Kh3 Kf5 52. Be1 Bc7 53. Bg3 Ba5 54. Kh4 Kg6 55. Bf2 Bd2 56. Kh3 Kf5 57. Kh4 Kg6 58. Kh3 Bb4 59. Kh4 Bc3 60. Kh3 Kf5 61. Kg3 Ba5 62. Kh4 Kg6 63. Kh3 Kf5 1/2-1/2